LEADER 01036nam a2200265 a 4500 001 000000138170 003 CaOOAMICUS 005 20140411150651.0 008 140411s1974 it u000 u ita r 040 $aPUL$bita 100 1 $aScalfari, Eugenio.$0(OLS)http://pul/name/39916 245 10$aRazza padrona :$bstoria della borghesia di stato /$cEugenio Scalfari e Giuseppe Turani. 260 $aMilano :$bFeltrinelli,$c1974. 300 $a478 p. ;$c21 cm 490 1 $aAttualità 500 $aInclude indice. 651 4$aItalia$xIndustrie$ySec. XX.$0(OLS)http://pul/subject/33562 700 1 $aTurani, Giuseppe.$0(OLS)http://pul/name/78496 830 0$aAttualità (Feltrinelli).$0(OLS)http://pul/title/95757 850 $aPUL 852 $aPUL$W1$xDP1 Fondo E. Rossi$y115$m7 D 58$j159295$qFondi$B158845$CPULBib$Z2$F158845 $82 941 1 $a1 996 $6245$aRazza padrona :$bstoria della borghesia di stato$9(OLS)http://pul/title/174937 996 $6260$aMilano :$bFeltrinelli$9(OLS)http://pul/publisher/48846 LEADER 01556nam a2200325 u 4500 001 000000048086 003 CaOOAMICUS 005 20070226114947.0 008 000328s2000 mx u000 u spa u 035 $a10844557 040 $aPUL$bita 041 1 $aspa$hlat$hgrc 100 0 $aIrenaeus Lugdunensis,$cs.,$d130/149-c. 198.$0(OLS)http://pul/name/3472 240 10$aAdversus haereses$9(Irenaeus, s., vesc. di Lyon, m. 202).$lSpagnolo.$0(OLS)http://pul/title/64747 245 10$aContra los herejes :$bexposición y refutación de la falsa gnosis /$cSan Ireneo de Lyon ; traducción, estudio introductivo, notas e índices por Carlos Ignacio González, S.J. 260 $aMéxico :$bConferencia del Episcopado Mexicano,$c2000. 300 $a616 p. ;$c21 cm 490 1 $aColección Autores 500 $aContiene indici. 500 $aIn testa al front.: Año jubilar de la encarnacion. 700 1 $aGonzález, Carlos Ignacio.$0(OLS)http://pul/name/34921 830 0$aColección Autores.$0(OLS)http://pul/title/64749 850 $aPUL 852 $aPUL$W1$xSL Religione 1$y3$m21 F 60$j64144$nBK-PRI$b $qStampati$B64144$CPULBib$Z2$F64144 $H $81 900 $aIrénée de Lyon$cs., vesc.,$dm. 202 $93472 900 $aIreneo,$cs., vesc. di Lione,$dm. 202$93472 941 1 $a8 961 $aINV: 80984 996 $6245$aContra los herejes :$bexposición y refutación de la falsa gnosis$9(OLS)http://pul/title/64748 996 $6260$aMéxico :$bConferencia del Episcopado Mexicano$9(OLS)http://pul/publisher/67002